[Event "I liga CS 2016."]
[Site "Kragujevac,hotel Sumarice"]
[Date "2016.09.17"]
[Round "10.6"]
[White "Blesic, Vaso"]
[Black "Todorovic, Goran N"]
[Result "1-0"]
[WhiteElo "2350"]
[BlackElo "2350"]
[PlyCount "57"]
[EventDate "2016.09.10"]

1. d4 Nf6 2. c4 e6 3. Nc3 d5 4. Nf3 Be7 5. Bf4 O-O 6. e3 Nbd7 7. cxd5 Nxd5 8.
Nxd5 exd5 9. Bd3 c5 10. O-O cxd4 11. exd4 Nf6 12. Qb3 Qb6 13. Qxb6 axb6 14. Bc7
Bd8 15. Rfc1 Bxc7 16. Rxc7 Ne8 17. Rc3 h6 18. Rb3 Nd6 19. Rxb6 Rd8 20. a3 Bg4
21. Ne5 Be6 22. Rc1 Ra4 23. Rd1 Kf8 24. Bc2 Raa8 25. f3 Rac8 26. Bd3 Rc7 27.
Kf2 Ke7 28. Re1 Nc8 29. Nxf7 1-0

[Event "I liga CS 2016."]
[Site "Kragujevac,hotel Sumarice"]
[Date "2016.09.17"]
[Round "10.6"]
[White "Rajkovic, Dusan"]
[Black "Ivanovic, Dragutin"]
[Result "1/2-1/2"]
[WhiteElo "2367"]
[BlackElo "2291"]
[PlyCount "81"]
[EventDate "2016.09.10"]

1. e4 e6 2. d4 d5 3. Nd2 Nf6 4. e5 Nfd7 5. Ngf3 c5 6. c3 Nc6 7. Be2 cxd4 8.
cxd4 f6 9. exf6 Nxf6 10. O-O Bd6 11. a3 Qb6 12. Nb1 O-O 13. Nc3 Bd7 14. b4 Rac8
15. Bb2 Ne7 16. Na4 Bxa4 17. Qxa4 Nf5 18. Rac1 Bf4 19. Rxc8 Rxc8 20. Bd3 Nd6
21. g3 Bh6 22. b5 Nfe4 23. Ne5 Nd2 24. Rd1 N2c4 25. Ba1 Rc7 26. Rb1 g6 27. Nxc4
Nxc4 28. Bxc4 Rxc4 29. Qb3 Bg7 30. Qe3 Bxd4 31. Bxd4 Rxd4 32. Rc1 Re4 33. Rc8+
Kg7 34. Qc3+ d4 35. Qf3 Re1+ 36. Kg2 Qd6 37. Qxb7+ Kf6 38. Qf3+ Kg7 39. Qb7+
Kf6 40. Qf3+ Kg7 41. Qb7+ 1/2-1/2

[Event "I liga CS 2016."]
[Site "Kragujevac,hotel Sumarice"]
[Date "2016.09.17"]
[Round "10.6"]
[White "Vuckovic, Branko"]
[Black "Stankovic, Dragan P"]
[Result "1/2-1/2"]
[WhiteElo "2263"]
[BlackElo "2208"]
[PlyCount "51"]
[EventDate "2016.09.10"]

1. e4 c5 2. d4 cxd4 3. c3 Nf6 4. e5 Nd5 5. cxd4 e6 6. Nc3 Nxc3 7. bxc3 d6 8.
Nf3 Qc7 9. Bd2 Nd7 10. Qa4 Be7 11. Bd3 O-O 12. exd6 Qxd6 13. Qb5 g6 14. O-O a6
15. Qb2 e5 16. Rfe1 Bf6 17. Rab1 Rd8 18. Bc2 b5 19. Bg5 exd4 20. cxd4 Bb7 21.
Re3 Rac8 22. Bb3 Bd5 23. Rbe1 Bxg5 24. Nxg5 Nf6 25. Re7 Bxb3 26. axb3 1/2-1/2

[Event "I liga CS 2016."]
[Site "Kragujevac,hotel Sumarice"]
[Date "2016.09.17"]
[Round "10.6"]
[White "Milosevic, Boban"]
[Black "Dragicevic, Dragan"]
[Result "1/2-1/2"]
[WhiteElo "2283"]
[BlackElo "2221"]
[PlyCount "69"]
[EventDate "2016.09.10"]

1. d4 Nf6 2. c4 d6 3. Nc3 Nbd7 4. Nf3 g6 5. g3 Bg7 6. Bg2 O-O 7. O-O e5 8. Qc2
exd4 9. Nxd4 Ne5 10. b3 c5 11. Ndb5 a6 12. Na3 Bf5 13. Qd2 Qd7 14. Rd1 Rfd8 15.
Nc2 Bh3 16. Bh1 Rab8 17. Ne3 b5 18. cxb5 axb5 19. Bb2 b4 20. Ncd5 Nxd5 21. Bxd5
Be6 22. Rac1 Qe7 23. Kg2 Bc8 24. Nc4 Nxc4 25. Rxc4 Bxb2 26. Qxb2 Bb7 27. e4
Bxd5 28. Rxd5 Rb6 29. h4 h5 30. Qd2 Ra8 31. Qg5 Qxg5 32. hxg5 Rxa2 33. e5 Raa6
34. exd6 Rxd6 35. Rcxc5 1/2-1/2